000 00529nam a2200193 a 4500
001 1760760513799
003 ACL
005 20251018094007.0
008 251018s2008##################000#0#eng##
020 _a9780750682572
082 0 4 _a658.477
_bHAL
100 1 _aHalibozek, Edward P.,
_eauthor.
245 1 0 _aThe Corporate Security Professional's Handbook on Terrorism :
260 _bButterworth-Heinemann,
_c2008.
300 _a261 pages
650 0 _aBusiness & Economics.
942 _cENGLISH
040 _aACL
_beng
_cACL
999 _c592199
_d592199